000 00964cam a2200277 i 4500
999 _c44697
_d44697
001 17453940
005 20181030153145.0
008 120906s2013 maua bf 001 0 eng
010 _a 2012029447
020 _a9780240821535 (pbk.)
020 _a024082153X (pbk.)
040 _aDLC
_beng
_cDLC
_erda
_dDLC
100 1 _aBartlett, Bruce.
245 1 0 _aPractical recording techniques :
_bthe step-by-step approach to professional audio recording /
_cBruce Bartlett, Jenny Bartlett.
250 _aSixth edition.
260 _aNew York :
_bFocal Press,
_c2013.
300 _axi, 513 pages :
_billustrations ;
_c24 cm
336 _atext
337 _aunmediated
338 _avolume
504 _aIncludes bibliogrraphical references (p. 449-453) and index.
650 0 _aMagnetic recorders and recording
_vHandbooks, manuals, etc.
650 0 _aSound
_xRecording and reproducing
_vHandbooks, manuals, etc.
700 1 _aBartlett, Jenny.
942 _2lcc
_cBK